000 00805nam a22002297a 4500
005 2008070702242.0
008 080707t xxu||||| |||| 00| 0 eng d
010 _aENG-90464
020 _a9788120335608
_c295.00
035 _aEN-73997
037 _bDBAD / PUB
040 _aDPL
_bEN
082 _a621.3121
100 _aSingh, S.N.
245 _aElectric power generation, transmission and distribution /
_cby S.N. Singh
250 _a2nd ed
260 _aNew Delhi
_bPrentice-Hall of India
_c2008
300 _axiv, 433p.
_c23cm.(pbk)
500 _aincludes index
942 _2ddc
_cEN
_h621.3121
_mSIN
999 _c14250
_d14250